000 00368nam a22001217a 4500
082 _a200 THE
100 _aSOHAIL QADEER ABBASI
_915512
245 _aTH-SOF-1005-IMPLEMENTING CMMI, CHALLENGES FOR PAKISTAN SOFTWARE INDUSTRY
260 _aISLAMABAD
_bNUST COLLEGE OF EME
_c2014
650 _aMS-CSE-10 MSTHESIS
_970287
700 _aDR. AASIA KHANUM
_917318
942 _cCF
999 _c577383
_d577383